000
00228nam a22000857a 4500
008
160705b xxu||||| |||| 00| 0 eng d
100
_9
2211
_a
Sharma, M.L
245
_a
Indian Education at Cross Roads
260
_a
New Delhi
_b
Arya
_c
2005
999
_c
1900
_d
1900